Guide to job placement of the mentally retarded. (Record no. 37117)

MARC details
000 -LEADER
fixed length control field 01001cam a22002291 4500
001 - CONTROL NUMBER
control field l 63000072
003 - CONTROL NUMBER IDENTIFIER
control field DLC
005 - DATE AND TIME OF LATEST TRANSACTION
control field 20260227111547.0
008 - FIXED-LENGTH DATA ELEMENTS--GENERAL INFORMATION
fixed length control field 790119s1963 dcu f000 0 eng c
010 ## - LIBRARY OF CONGRESS CONTROL NUMBER
LC control number l 63000072
035 ## - SYSTEM CONTROL NUMBER
System control number (OCoLC)4564114
040 ## - CATALOGING SOURCE
Original cataloging agency U. S. Dept. of Labor Library
Transcribing agency MnStclS
Modifying agency MnStclS
-- OCoLC
-- DLC
050 00 - LIBRARY OF CONGRESS CALL NUMBER
Classification number HV3006.A4
Item number F68
100 1# - MAIN ENTRY--PERSONAL NAME
Personal name Fraenkel, William A.
245 10 - TITLE STATEMENT
Title Guide to job placement of the mentally retarded.
Statement of responsibility, etc. The President's Committee on Employment of the Handicapped in cooperation with National Association for Retarded Children and the U. S. Employment Service, Bureau of Employment Security, U. S. Dept. of Labor.
260 ## - PUBLICATION, DISTRIBUTION, ETC.
Place of publication, distribution, etc. [Washington,
Name of publisher, distributor, etc. U.S. Govt. Print. Off.,
Date of publication, distribution, etc. 1963].
300 ## - PHYSICAL DESCRIPTION
Extent iv, 16 p.
Dimensions 23 cm.
500 ## - GENERAL NOTE
General note Cover title.
650 #0 - SUBJECT ADDED ENTRY--TOPICAL TERM
Topical term or geographic name entry element People with mental disabilities
General subdivision Employment
Geographic subdivision United States.
710 1# - ADDED ENTRY--CORPORATE NAME
Corporate name or jurisdiction name as entry element United States.
Subordinate unit President's Committee on Employment of the Handicapped.
740 0# - ADDED ENTRY--UNCONTROLLED RELATED/ANALYTICAL TITLE
Uncontrolled related/analytical title Job placement of the mentally retarded.

No items available.

Powered by Koha